LEADER 00713nam a2200181 i 4500 001 000000055094 003 CaOOAMICUS 005 19970616000000.0 008 970616n xx u000 u ger u 013 $a26266 040 $aSeMil$bita 100 1 $aBliemel, Josef.$0(OLS)http://semarc/name/27581 245 10$aAgape im Frühchristentum (Eine ethisch-historische Untersuchung) 650 4$aTesi di laurea.$0(OLS)http://semarc/subject/1690 650 4$aEucaristia.$0(OLS)http://semarc/subject/3487 850 $aSeMil 852 $aSeMil$W1$xVenegono$y1$m2I II 304$j21248$B21248$CSeMilBibl$Z2$F21250 $81 996 $6245$aAgape im Frühchristentum (Eine ethisch-historische Untersuchung)$9(OLS)http://semarc/title/85406 LEADER 00800naa a2200169 i 4500 001 000000306977 003 CaOOAMICUS 005 20180831172907.0 008 180831n it u000 u ita u 013 $a15564 040 $aSeMil$bita 100 1 $aStanckiewcz, Antoni.$0(OLS)http://semarc/name/87683 245 13$aLa Rota Romana e la giustizia nella Chiesa. 650 4$aSacra romana rota.$0(OLS)http://semarc/subject/10816 650 4$aChiesa cattolica - Giustizia.$0(OLS)http://semarc/subject/43581 773 0 $tGiurisprudenza della Rota Romana sul consenso matrimoniale (1908-2008).$dCittà del Vaticano : Libreria Editrice Vaticana, 2009.$kStudi giuridici $z978-88-209-8163-1$gp.11-23$w()133072 996 $6245$aLa Rota Romana e la giustizia nella Chiesa$9(OLS)http://semarc/title/382377